Engineering fundamentals : (Record no. 9809)

MARC details
000 -LEADER
fixed length control field 00623nam a22001937a 4500
003 - CONTROL NUMBER IDENTIFIER
control field OSt
005 - DATE AND TIME OF LATEST TRANSACTION
control field 20260423084706.0
008 - FIXED-LENGTH DATA ELEMENTS--GENERAL INFORMATION
fixed length control field 260423b |||||||| |||| 00| 0 eng d
020 ## - INTERNATIONAL STANDARD BOOK NUMBER
International Standard Book Number 0-534-38116-2
040 ## - CATALOGING SOURCE
Original cataloging agency DWCL-Main lib.
Transcribing agency OC
082 ## - DEWEY DECIMAL CLASSIFICATION NUMBER
Classification number Circ. 620.21 M687 2002
100 ## - MAIN ENTRY--PERSONAL NAME
Personal name Moaveni, Saeed
245 ## - TITLE STATEMENT
Title Engineering fundamentals :
Remainder of title an introduction to engineering/
Statement of responsibility, etc. Saeed Moaveni
260 ## - PUBLICATION, DISTRIBUTION, ETC.
Place of publication, distribution, etc. Australia :
Name of publisher, distributor, etc. Brooks/Cole/Thomsom Learning,
Date of publication, distribution, etc. c2002
300 ## - PHYSICAL DESCRIPTION
Extent xix, 426 pages :
Other physical details illustrations ;
Dimensions 23 centimeters.
504 ## - BIBLIOGRAPHY, ETC. NOTE
Bibliography, etc. note Includes index.
650 ## - SUBJECT ADDED ENTRY--TOPICAL TERM
Topical term or geographic name entry element Engineering.
942 ## - ADDED ENTRY ELEMENTS (KOHA)
Source of classification or shelving scheme Dewey Decimal Classification
Koha item type Book Circulation
Classification part Circ.
Suppress in OPAC No
952 ## - LOCATION AND ITEM INFORMATION (KOHA)
--
Holdings
Withdrawn status Lost status Source of classification or shelving scheme Damaged status Not for loan Home library Current library Shelving location Date acquired Source of acquisition Cost, normal purchase price Total Checkouts Full call number Barcode Date last seen Copy number Price effective from Koha item type Uniform Resource Identifier
    Dewey Decimal Classification     College Library College Library Circulation 10/16/2006 School Fund 3.00   Circ. 620.21 M687 2002 CL44072 04/23/2026 c1 04/23/2026 BK-CIRC